LEADER 01455nam a2200253 4500 001 000000336188 003 CaOOAMICUS 005 20190826115030.0 008 190826s1781 it 000 u lat r 026 $as.n- r-is e-n- miIn (3) 1781 (3) 040 $aSeMil$bita 100 11$aAlethophilus, Justinus.$0(OLS)http://semarc/name/110139 245 00$aJustini Alethophili ICti Epistola ad Justinum Febronium ICtum, qua continentur animadversiones in Commentarium, quem is nuper ediderat in suam Retractationem, Pio VI. Pontifici Maximo Kalendis Novembris an. MDCCLXXVIII. submissam. 264 1$aData Alethopoli :$b[s.n.],$cDie Ima Julii An. 1781. 300 $a30 p. ;$c8° 500 $aVignetta xilogr. sul front. 500 $aSegn.: A-D4 (D4 bianca) 500 $aFregi, iniz. xilogr. 700 1 $aHontheim, Johann Nikolaus : von,$d<1701-1790>,$eautore in citazione o abstract.$0(OLS)http://semarc/name/12869 850 $aSeMil 852 $aSeMil$W1$xVenegono$y1$m3X III 114 FA$j215495$qLegato co 3X III 113 FA$B227999$CSeMilBibl$Z2$F227999 $8I 996 $6245$aJustini Alethophili ICti Epistola ad Justinum Febronium ICtum, qua continentur animadversiones in Commentarium, quem is nuper ediderat in suam Retractationem, Pio VI. Pontifici Maximo Kalendis Novembris an. MDCCLXXVIII. submissam$9(OLS)http://semarc/title/425467 996 $6264$aData Alethopoli :$b[s.n.]$9(OLS)http://semarc/publisher/58513 LEADER 00893nam a2200205 i 4500 001 000000028169 003 CaOOAMICUS 005 20180830125448.0 008 180830s1832 it u000 u ita u 040 $aSeMil$bita 100 1 $aZallinger zum Thurn, Jakob Anton,$d<1735-1813>.$0(OLS)http://semarc/name/12874 245 10$aInstitutionum juris naturalis et ecclesiastici publici libri 5. /$cauctore Jac. Ant. Zallinger ad Turrim. 260 $aRomae :$bin Collegio Urbano,$c1832. 300 $a2 v. ;$c21 cm. 650 4$aDiritto naturale.$0(OLS)http://semarc/subject/788 650 4$aDiritto pubblico ecclesiastico.$0(OLS)http://semarc/subject/67 774 0 $t1.$g1$w()58698 774 0 $t2.$g2$w()219080 996 $6245$aInstitutionum juris naturalis et ecclesiastici publici libri 5.$9(OLS)http://semarc/title/38218 996 $6260$aRomae :$bin Collegio Urbano$9(OLS)http://semarc/publisher/37647